|
|
|
|
| LEADER |
00000cam a2200000 a 4500 |
| 001 |
vtls001337644 |
| 003 |
SK-MaSNL |
| 005 |
20260301114519.0 |
| 008 |
250313s1981 xr d 00000 cze |
| 015 |
|
|
|a SNBA1981
|
| 035 |
|
|
|a SNK000290648
|
| 035 |
|
|
|a urn:nbn:sk:snk-am3hctg
|
| 035 |
|
|
|a 90CC6527-1A64-4ADC-A0DE-8C3DC02F959C
|
| 035 |
|
|
|a urn:nbn:sk:snk-am00a153
|
| 040 |
|
|
|a SNK
|b slo
|c SNK
|e AACR2
|
| 041 |
1 |
|
|a cze
|h slo
|
| 044 |
|
|
|a xr
|c CZ
|
| 080 |
|
|
|a 744:69(075.3)
|2 1981
|
| 100 |
1 |
|
|a Cibulka, Vladimír,
|d 1911-1974
|4 aut
|9 38068
|
| 240 |
1 |
0 |
|a Odborné kreslenie
|l Česky
|
| 245 |
1 |
0 |
|a Odborné kreslení pro 1. a 2. ročník SPŠ stavebních
|c Vladimír Cibulka ; ze slov. orig. přel. Antonín Švancar
|
| 250 |
|
|
|a 1. vyd., dotisk
|
| 260 |
|
|
|a Praha
|b Státní nakladatelství technické literatury
|c 1981
|
| 300 |
|
|
|a 195 s.
|c 4°
|
| 650 |
0 |
7 |
|a odborné kreslenie
|2 SNKPH
|9 3079
|
| 655 |
|
7 |
|a učebnice stredných škôl
|2 SNKPH
|9 69323
|
| 700 |
1 |
|
|a Švancar, Antonín
|4 trl
|9 47293
|
| 852 |
|
|
|a Slovenská národná knižnica
|
| 958 |
|
|
|a OND
|
| 999 |
|
|
|c 718710
|d 720640
|
| 952 |
|
|
|a SNK
|b SNK
|y PREZ
|7 0
|p 17A1001101
|o snkSB 31815
|i snkKIP 4582/81
|0 0
|1 0
|4 0
|d 2012-07-25
|f 1
|l 0
|r 2025-04-04 00:00:00
|w 2026-02-23
|
| 952 |
|
|
|t P60, <04>, [BOOK], {604}
|a SNK
|b SNK
|y VYP
|7 0
|p 17A0151710
|o snkSB 31815 D1
|i snkKIP 4583/81
|0 0
|1 0
|4 0
|d 1998-07-20
|l 0
|r 2005-01-02 00:00:00
|w 2026-02-23
|